Impresos relativos a Venezuela : (Record no. 1451)
[ view plain ]
| 000 -CABECERA | |
|---|---|
| campo de control de longitud fija | 00722cam a2200205 a 4500 |
| 001 - NÚMERO DE CONTROL | |
| campo de control | 000001549 |
| 005 - FECHA Y HORA DE LA ÚLTIMA TRANSACCIÓN | |
| campo de control | 20200929145621.0 |
| 008 - DATOS DE LONGITUD FIJA--INFORMACIÓN GENERAL | |
| campo de control de longitud fija | 800409s1978 ve a b 000 0 spa |
| 082 ## - NÚMERO DE LA CLASIFICACIÓN DECIMAL DEWEY | |
| Número de clasificación | 016.987 |
| Número de documento/Ítem | D772i |
| 040 ## - FUENTE DE LA CATALOGACIÓN | |
| Centro catalogador/agencia de origen | DO-SdBNP |
| 100 1# - ENTRADA PRINCIPAL--NOMBRE DE PERSONA | |
| Nombre de persona | Drenikoff, Ivan. |
| 9 (RLIN) | 5081 |
| 245 10 - MENCIÓN DE TÍTULO | |
| Título | Impresos relativos a Venezuela : |
| Resto del título | desde el descubrimiento hasta 1821 / |
| Mención de responsabilidad, etc. | Ivan Drenikoff. |
| 260 ## - PUBLICACIÓN, DISTRIBUCIÓN, ETC. | |
| Lugar de publicación, distribución, etc. | Caracas : |
| Nombre del editor, distribuidor, etc. | Fundación para el Rescate del Acervo Documental Venezolano, |
| Fecha de publicación, distribución, etc. | 1978. |
| 300 ## - DESCRIPCIÓN FÍSICA | |
| Extensión | 233 p. : |
| Otras características físicas | il. ; |
| Dimensiones | 25 cm. |
| 440 #0 - MENCIÓN DE SERIE/PUNTO DE ACCESO ADICIONAL--TÍTULO | |
| Título | Manuel Segundo Sánchez |
| 9 (RLIN) | 5082 |
| 650 #4 - PUNTO DE ACCESO ADICIONAL DE MATERIA--TÉRMINO DE MATERIA | |
| Término de materia o nombre geográfico como elemento de entrada | Imprenta |
| 9 (RLIN) | 5083 |
| 651 #4 - PUNTO DE ACCESO ADICIONAL DE MATERIA--NOMBRE GEOGRÁFICO | |
| Nombre geográfico | Venezuela |
| Subdivisión general | Historia |
| Subdivisión cronológica | BIBLIOGRAFÍA |
| 9 (RLIN) | 5084 |
| 651 #4 - PUNTO DE ACCESO ADICIONAL DE MATERIA--NOMBRE GEOGRÁFICO | |
| Nombre geográfico | Venezuela |
| Subdivisión general | Historia |
| Subdivisión cronológica | SIGLO XX |
| 9 (RLIN) | 5085 |
| 910 ## - DATOS DE OPCIÓN DEL USUARIO (OCLC) | |
| Datos de opción del usuario | Catalogación por copia / LC |
| Estado de retiro | Estado de pérdida | Restricciones de uso | No para préstamo | Código de colección | Localización permanente | Ubicación/localización actual | Ubicación en estantería | Fecha de adquisición | Número de inventario | Total de préstamos | Signatura topográfica completa | Código de barras | Fecha visto por última vez | Precio válido a partir de | Tipo de ítem Koha |
|---|---|---|---|---|---|---|---|---|---|---|---|---|---|---|---|
| Préstamo interno | Monografías: Libros y Folletos | General | General | Depósito | 04.09.2009 | LF1 | 016.987 D772i | 1549-10 | 25.06.2020 | 25.06.2020 | Préstamo interno |
